| 000 | 00422nam a2200157Ia 4500 | ||
|---|---|---|---|
| 008 | 230312s9999||||xx |||||||||||||| ||und|| | ||
| 020 | _a0-07-229433-7 | ||
| 082 |
_a658.15 _bGRI |
||
| 100 | _aMark Grinblatt | ||
| 245 | 0 | _aFinancial Markets and Corporate Strategy | |
| 260 |
_bMcGraw Hill _aNew York _c2002 |
||
| 300 | _a880 | ||
| 546 | _aEng. | ||
| 650 |
_aManagement _vRaising Capital , Protfolio tools |
||
| 942 | _cBK | ||
| 999 |
_c4515 _d4515 |
||